LEADER 01253naa a2200253 u 4500 001 000000101973 003 CaOOAMICUS 005 20070226130209.0 008 060323s1961 it u000 u ger u 035 $a11082645 040 $aIAR$bita 041 0 $ager$bita 100 1 $aRüdiger, Horst,$d1908-1984.$0(OLS)http://pul/name/63513 245 14$aDas Tagebuch als Literarform des 20. Jahrhunderts :$bJünger und Pavese /$cHorst Rüdiger. 260 $aMerano/Meran :$bIst.culturale italo-tedesco,$c1961. 300 $aS. 363-370 ;$c25 cm 500 $aitalienische Zusammenfassung 500 $aIAR: FF-117.02 773 0 $aErscheinungen und Probleme der deutschen und italienischen Kultur des XX. Jahrhunderts. 773 0 $aAspetti e problemi del Novecento culturale italiano e tedesco. 773 0 $aDeutsch-italienisches Kulturinstitut in Südtirol; Akten.$gII (1961) 773 0 $aAccademia di studi italo-tedeschi (Merano)$tAspetti e problemi del Novecento italiano e tedesco nel quadro dell'unità culturale europea$gII (1961)$w()22992 996 $6245$aDas Tagebuch als Literarform des 20. Jahrhunderts :$bJünger und Pavese$9(OLS)http://pul/title/128881 996 $6260$aMerano/Meran :$bIst.culturale italo-tedesco$9(OLS)http://pul/publisher/79184 LEADER 02247nam a2200373 a 4500 001 000000076168 003 CaOOAMICUS 005 20120127120936.0 008 031110s1855 fr u000 u lat r 035 $a10975524 040 $aPUL(R)$bita 100 0 $aEthelredus,$cs.,$d1110-1167.$0(OLS)http://pul/name/1982 245 10$aBeati Aelredi abbatis rievallensis opera omnia ;$baccedit Wolberonis abbatis S. Pantaleonis Coloniensis Commentarium in Cantica ; intermiscentur Eckberti Abbatis Schonaugiensis [et al...] scripta quae supersunt omnia /$caccurante J.-P. Migne. 260 $aLutetiae Parisiorum :$bexcudebatur et venit apud J.-P. Migne editorem,$c1855. 300 $a1296 col. ;$c27 cm 490 1 $aPatrologiae cursus completus.$aSeries secunda ;$v195 700 0 $aWolbero,$cabbas s. Pantaleonis Coloniensis,$dm. 1167.$0(OLS)http://pul/name/50680 700 02$aEthelredus,$cs.,$d1110-1167.$tOpera omnia.$0(OLS)http://pul/nameTitle/1265$0(OLS)http://pul/name/1982$0(OLS)http://pul/title/2415 830 0$aPatrologiae cursus completus.$pSeries secunda ;$v195.$0(OLS)http://pul/title/92040 850 $aPUL 852 $aPUL$W1$xSL Cons. Gen., Altre Classi 1$y1$m2001 A 1.195$j97888$nBK-PRI$qStampati$B97888$CPULBib$Z2$F97888 $82 900 $aElredo,$cde Rieval, s.,$d1110-1167$91982 900 $aAelred de Rievaux,$cs.,$d1110-1167$91982 900 $aAelred, $bdi Rievaulx,$cs.,$d1110-1167$91982 900 $aAelredus Rievallensis,$cs.,$d1110-1167?$91982 900 $aRievaulx, Aelred de,? $cs.,$d1110-1167$91982 900 $aElredo,$cde Rieval, s.,$d1110-1167$91982 900 $aAelred de Rievaux,$cs.,$d1110-1167$91982 900 $aAelred, $bdi Rievaulx,$cs.,$d1110-1167$91982 900 $aAelredus Rievallensis,$cs.,$d1110-1167?$91982 900 $aRievaulx, Aelred de,? $cs.,$d1110-1167$91982 941 1 $a8 996 $6245$aBeati Aelredi abbatis rievallensis opera omnia ;$baccedit Wolberonis abbatis S. Pantaleonis Coloniensis Commentarium in Cantica ; intermiscentur Eckberti Abbatis Schonaugiensis [et al...] scripta quae supersunt omnia$9(OLS)http://pul/title/99910 996 $6260$aLutetiae Parisiorum :$bexcudebatur et venit apud J.-P. Migne editorem$9(OLS)http://pul/publisher/50224